| 000 | 00616nam a2200205 4500 | ||
|---|---|---|---|
| 999 |
_c1293 _d1293 |
||
| 001 | 8301 | ||
| 003 | BD-DhUAP | ||
| 005 | 20200205110650.0 | ||
| 008 | 200205s pk a|||| |||| 001 0 eng d | ||
| 040 |
_aBD-DhUAP _bEng _cBD-DhUAP _dBD-DhUAP |
||
| 082 |
_223 _a346.54910438 MAH |
||
| 100 | _aMahmood, Shaukat. | ||
| 245 |
_aThe registration act / _cShaukat Mahmood. |
||
| 260 |
_aLahore : _bLegal Research Centre, _c...? |
||
| 300 |
_aviii, 338 pages ; _c24 cm. |
||
| 500 | _aIncludes index. | ||
| 650 |
_aRegistration Act, 1908 _z Bangladesh. |
||
| 650 |
_aRecording and registration _zBangladesh. |
||
| 942 |
_2ddc _cBK |
||